00607 2200229 4500001002100000005001700021008004100038035002400079082001000103090002000113100001600133245008300149250001100232260002200243300002500265500002600290650001000316850001500326980001500341985000600356999001500362YOGYA-0209000003554520090227025024.0 ind  0010-020900000035545 a177.7 a177.7bAdi SlT aAdi Nugroho aSukses bercintabseni bergaul dan berkencan dengan strategi cintacAdi Nugroho aCet. 2 aSolobAnekac1996 a100 hlmbilusc21 cm aBibliografi : hlm. 99 aCinta aYOPDYOG(B) a02-10-2006 a1 a97P0100504